| 000 | 00835nam a2200229Ia 4500 | ||
|---|---|---|---|
| 003 | OSt | ||
| 005 | 20251023115709.0 | ||
| 008 | 220923b |||||||| |||| 00| 0 eng d | ||
| 020 | _a019566322 | ||
| 037 | _cGeneral Book | ||
| 040 |
_aRTL _cRTL _beng |
||
| 041 |
_2eng _aeng |
||
| 084 |
_aY:3(NW).2.N9, P2 _qRTL |
||
| 245 | 0 |
_aPleasure and the Nation: the history, politics and consmption of public culture in India. _b |
|
| 260 |
_a New Delhi _bOxford University Press _c2002 |
||
| 300 |
_avi, 366 p. _ccm. _bIncludes bibliographical references and index. |
||
| 490 | _aSOAS Studies on South Asia: Understanding and Perspectives | ||
| 700 |
_aDwyer, Racel. _eEditor _9849301 |
||
| 700 |
_aPinney, Christopher. _eEditor _9849302 |
||
| 942 |
_hY:3 (NW).2.N9, P2/TD _cGB _2CC _n0 |
||
| 999 |
_c607145 _d607145 |
||